000 00529nam a22001817a 4500
999 _c17306
_d17306
003 AR-CdUCM
008 190508b ||||| |||| 00| 0 spa d
040 _aMUNICIPALIDAD PROVINCIAL DEL CUSCO
_cBIBLIOTECA MUNICIPAL DEL CUSCO
082 _a818.5 /
_bV71
100 _aVincent, Richard
_937242
245 _aRetrato en negro :
_bNovela /
260 _aBarcelona :
_bMateu,
_c1963.
300 _a252 páginas ;
_c19 cm.
505 _aContenido : Novela
650 _aNovela
_95
942 _2ddc
_cLIBROS
945 _arah
_d08/05/2019